<?xml version="1.0" encoding="UTF-8"?>
<collection xmlns="http://www.loc.gov/MARC21/slim">
 <record>
  <leader>01541nam a22002297a 4500</leader>
  <controlfield tag="001">NCT_4_017734</controlfield>
  <controlfield tag="008">250315b        xxu||||| |||| 00| 0 vie d</controlfield>
  <datafield tag="999" ind1=" " ind2=" ">
   <subfield code="c">8849</subfield>
   <subfield code="d">8849</subfield>
  </datafield>
  <datafield tag="022" ind1=" " ind2=" ">
   <subfield code="a">0866-7675</subfield>
  </datafield>
  <datafield tag="041" ind1="0" ind2=" ">
   <subfield code="a">vie</subfield>
  </datafield>
  <datafield tag="082" ind1="0" ind2="4">
   <subfield code="2">23rd ed.</subfield>
   <subfield code="a">378</subfield>
   <subfield code="b">T109C</subfield>
  </datafield>
  <datafield tag="245" ind1="0" ind2="0">
   <subfield code="a">Tạp chí khoa học Đại học Đồng Tháp Chuyên san khoa học Xã hội và Nhân văn</subfield>
   <subfield code="b">Dong Thap university journal of science : Social Sciences and Humanities Issue</subfield>
   <subfield code="n">Tập 14 - Số 1 </subfield>
   <subfield code="c">Trường Đại học Đồng Tháp</subfield>
  </datafield>
  <datafield tag="260" ind1=" " ind2=" ">
   <subfield code="a">Đồng Tháp</subfield>
   <subfield code="b">Trường Đại học Đồng Tháp</subfield>
   <subfield code="c">2025</subfield>
  </datafield>
  <datafield tag="300" ind1=" " ind2=" ">
   <subfield code="a">120 tr.</subfield>
   <subfield code="c">27 cm</subfield>
  </datafield>
  <datafield tag="310" ind1=" " ind2=" ">
   <subfield code="a">2 tháng 1 kỳ</subfield>
  </datafield>
  <datafield tag="362" ind1=" " ind2=" ">
   <subfield code="a">1/2025</subfield>
  </datafield>
  <datafield tag="520" ind1="3" ind2=" ">
   <subfield code="a">Số này gồm các bài viết: Tổ chức dạy kỹ năng viết đoạn văn cho học sinh lớp 3 bằng kỹ thuật làm mẫu &quot;Nói to suy nghĩ&quot;; Tư tưởng thiền học trong Thiền tịch phú của thiền sư Chân Nguyên; Rèn luyên kĩ năng hợp tác cho trẻ mẫu giáo 4-5 tuổi qua trò chơi đóng vai theo chủ đề tại thành phố Cao Lãnh, tỉnh Đồng Tháp ; ...</subfield>
  </datafield>
  <datafield tag="655" ind1=" " ind2=" ">
   <subfield code="a">Tạp chí</subfield>
  </datafield>
  <datafield tag="942" ind1=" " ind2=" ">
   <subfield code="2">ddc</subfield>
   <subfield code="c">CR</subfield>
  </datafield>
  <datafield tag="952" ind1=" " ind2=" ">
   <subfield code="0">0</subfield>
   <subfield code="1">0</subfield>
   <subfield code="2">ddc</subfield>
   <subfield code="4">0</subfield>
   <subfield code="6">378_000000000000000_T109C</subfield>
   <subfield code="7">0</subfield>
   <subfield code="9">30480</subfield>
   <subfield code="a">000001</subfield>
   <subfield code="b">000001</subfield>
   <subfield code="d">2025-03-15</subfield>
   <subfield code="o">378 T109C</subfield>
   <subfield code="r">2025-03-15</subfield>
   <subfield code="w">2025-03-15</subfield>
   <subfield code="y">CR</subfield>
  </datafield>
  <datafield tag="952" ind1=" " ind2=" ">
   <subfield code="0">0</subfield>
   <subfield code="1">0</subfield>
   <subfield code="2">ddc</subfield>
   <subfield code="4">0</subfield>
   <subfield code="6">378_000000000000000_T109C</subfield>
   <subfield code="7">0</subfield>
   <subfield code="9">30481</subfield>
   <subfield code="a">000001</subfield>
   <subfield code="b">000001</subfield>
   <subfield code="d">2025-03-15</subfield>
   <subfield code="o">378 T109C</subfield>
   <subfield code="r">2025-03-15</subfield>
   <subfield code="w">2025-03-15</subfield>
   <subfield code="y">CR</subfield>
  </datafield>
  <datafield tag="980" ind1=" " ind2=" ">
   <subfield code="a">Thư viện Trường Đại học Nam Cần Thơ</subfield>
  </datafield>
 </record>
</collection>
